Tunnista kolmen valtion rajapisteet #1 - Statistics

Yleistilastot
  • Tätä visaa on pelattu 504 kertaa
  • Keskiarvotulos 15 / 27
Vastaustilastot
Kuvavisa Vastaus % Oikein
Kiina
97%
Venäjä
95%
Mongolia
94%
Saksa
72%
Puola
70%
Saudi-Arabia
70%
Tšekki
70%
Oman
69%
Yhdistyneet arabiemiraatit
66%
Intia
64%
Bangladesh
57%
Myanmar
57%
Meksiko
54%
Kenia
53%
Brasilia
52%
Tansania
51%
Kongon dem. tasavalta
50%
Guatemala
49%
Uganda
49%
Belize
48%
Peru
47%
Kolumbia
46%
Angola
43%
Sambia
40%
Bulgaria
24%
Romania
23%
Serbia
23%
Ehtoja vastaavia visoja ei löytynyt
Tulosjakauma
Jokaisen tuloksen saaneiden osuus
Persentiili vastausten määrän mukaan
Tuloshistoriasi
Et ole pelannut tätä visaa